Top 15 des marques de pétrole - 2021 - Statistiques

Statistiques générales
  • Ce quiz a été pris 141 fois
  • Le résultat moyen est 4 sur 15
Statistiques - réponses
Rang Nationalité Capitalisation (en milliards de $) Compagnie % Correct
9_ France 112,41 Total
94%
3_ Pays-Bas 226,73 Royal Dutch Shell
79%
8_ Royaume-Uni 133,45 BP
64%
1_ U.S.A. 405,35 Exxon Mobil
40%
7_ Russie 134,42 Gazprom
39%
13_ Italie 87,71 ENI
29%
4_ U.S.A. 211,14 Chevron
21%
2_ Chine 291,08 Petrochina
15%
10_ Chine 99,11 China Petroleum
7%
12_ U.S.A. 90,58 ConocoPhillips
3%
6_ Colombie 136,81 Ecopetrol
2%
5_ Brésil 155,35 Petrobas
2%
14_ Norvège 84,54 Statoil
2%
15_ Royaume-Uni 79,71 BG Group
1%
11_ Chine 95,75 Cnooc
1%
Aucun quiz correspondant
Distribution des résultats
% des personnes avec chaque résultat
Percentile par nombre de réponses
Votre historique - résultats
Vous n’avez pas pris ce quiz